000 00191 a2200097 4500
020 _a9780060951290
041 _aspa
100 _aIsabel Allende
245 _aDe Amor y de Sombra
942 _cBK
999 _c14736
_d14736